Data mining and warehousing / (Record no. 84064)

MARC details
000 -LEADER
fixed length control field 00823nam a22002417a 4500
005 - DATE AND TIME OF LATEST TRANSACTION
control field 20140721143037.0
010 ## - LCCN (DPL NO)
LC control number ENG-109938
020 ## - INTERNATIONAL STANDARD BOOK NUMBER
International Standard Book Number 9789380408958
Terms of availability 325.00
035 ## - SYSTEM CONTROL NUMBER
System control number EN-93471
035 ## - SYSTEM CONTROL NUMBER
System control number B-534635-642
037 ## - SOURCE OF ACQUISITION
Source of stock number/acquisition DBAD/PUB
037 ## - SOURCE OF ACQUISITION
Source of stock number/acquisition Star Pub/Ven
Stock number dpl
082 ## - DEWEY DECIMAL CLASSIFICATION NUMBER
Classification number 006.312
100 ## - MAIN ENTRY--PERSONAL NAME
Personal name Chawla, Aditi
245 ## - TITLE STATEMENT
Title Data mining and warehousing /
Statement of responsibility, etc by Aditi Chawla [and] Deepti Sachdeva
260 ## - PUBLICATION, DISTRIBUTION, ETC. (IMPRINT)
Place of publication, distribution, etc New Delhi
Name of publisher, distributor, etc Acme Learning
Date of publication, distribution, etc 2013
270 ## - ADDRESS
Address 2/8, Ansari Road, Daryaganj
City New Delhi
Postal code 110002
300 ## - PHYSICAL DESCRIPTION
Extent xx,369p. :
Dimensions 24cm(pbk)
Other physical details ill.
500 ## - GENERAL NOTE
General note Includes bibliographical references and index
700 ## - ADDED ENTRY--PERSONAL NAME
Personal name Sachdeva, Deepti
942 ## - ADDED ENTRY ELEMENTS (KOHA)
Source of classification or shelving scheme Dewey Decimal Classification
Item type English Books
Call number suffix CHA
Classification part 006.312
Holdings
Withdrawn status Lost status Not for loan Collection code Home library Current library Date acquired Source of acquisition Cost, normal purchase price Full call number Barcode Copy number Cost, replacement price Koha item type
      Non-fiction Central Library Central Library 21/07/2014 Star Pub/SP3360/27.03.2014/144/25.03.2014/29.03.2014 325.00 006.312 CHA B-534635 1 325.00 English Books
    Not For Loan Non-fiction D.B.Act.Division D.B.Act.Division 08/05/2014 DBAD / PUB 325.00 006.312 CHA EN-93471 1 325.00 English Books
      Non-fiction Karol Bagh Karol Bagh 21/07/2014 Star Pub/SP3360/27.03.2014/144/25.03.2014/29.03.2014 325.00 006.312 CHA B-534640 1 325.00 English Books
      Non-fiction Patel Nagar Patel Nagar 21/07/2014 Star Pub/SP3360/27.03.2014/144/25.03.2014/29.03.2014 325.00 006.312 CHA B-534636 1 325.00 English Books
      Non-fiction R.K.Puram-8 R.K.Puram-8 21/07/2014 Star Pub/SP3360/27.03.2014/144/25.03.2014/29.03.2014 325.00 006.312 CHA B-534638 1 325.00 English Books
      Non-fiction Sarojini Nagar Sarojini Nagar 21/07/2014 Star Pub/SP3360/27.03.2014/144/25.03.2014/29.03.2014 325.00 006.312 CHA B-534637 1 325.00 English Books
      Non-fiction Sarojini Nagar Sarojini Nagar 21/07/2014 Star Pub/SP3360/27.03.2014/144/25.03.2014/29.03.2014 325.00 006.312 CHA B-534642 1 325.00 English Books
      Non-fiction Shahdara Branch Shahdara Branch 21/07/2014 Star Pub/SP3360/27.03.2014/144/25.03.2014/29.03.2014 325.00 006.312 CHA B-534641 1 325.00 English Books
      Non-fiction Vinoba Puri Vinoba Puri 21/07/2014 Star Pub/SP3360/27.03.2014/144/25.03.2014/29.03.2014 325.00 006.312 CHA B-534639 1 325.00 English Books

© Delhi Public Library
Hit Counter
free hit counter